1142 1932 1599 1112 1065 1185 1962 1097 1186 1880 1331 1906 1765 1949 1142 1427 1813 1648 1651 1924 1627 1977 1665 1550 1041 1565 1432 1822 1806 1982 1293 1232 1768 1518 1640 1133 1551 1856 1184 1066 1835 1598 1102 1465 1191 1857 1856 1590 1970 1041 1550 1876 1286 1315 1137 1697 1014 1239 1715 1024 1150 1391 1971 1629 1089 1549 1847 1739 1156 1603 1437 1265 1594 1567 1208 1216 1473 1365 1588 1383 1665 1316 1356 1645 1109 1806 1547 1997 1576 1450 1156 1142 1273 1073 1502 1539 1388 1679 1910 BCNSPRNW ULIB Ver.6.0+V

เปลี่ยนเป็นภาษาไทย

Change to English
 แสดงรายละเอียดบรรณานุกรม
  กลับหน้าหลัก

Brief Record : Get Marc (ISO 2709) : E-mail record : QR code < ปิดหน้าต่าง
LEADER : 00000nam 2200000uu 4500
001    13399125982
003     ULIB
008    020711s2560 th a 000 0 tha d
020    ^a9786161135041
060    ^aW130^bก-ก
100    ^aเกวลิน ชื่นเจริญสุข และคณะ
245    ^aการขับเคลื่อนแผนพัฒนาระบบบริการสุขภาพ(Service Plan) พ.ศ.2560-2564
260    ^aกรุงเทพฯ :^bโรงพิมพ์ชุมนุมสหกรณ์การเกษตรแห่งประเทศไทย จำกัด,^c2560
300    ^a242 หน้า;^c26 ซม.
650    ^aระบบบริการสุขภาพ-แผนพัฒนา
710    ^aกองบริหารการสาธารณสุข กระทรวงสาธารณสุข
945    ^p0^l0^i003413
945    ^p0^l0^i003414
945    ^p0^l0^i003415
999    ^aประนอม เกษจรัล
รายการนี้ยังไม่มีแท็ก
คุณยังไม่ได้ล็อกอิน คุณสามารถมีกิจกรรมร่วมกับเว็บไซต์ได้ แต่ต้องล็อกอินก่อน ::
  ล็อกอิน

รายการสื่อสารสนเทศ

ลำดับที่ ประเภท เลขเรียก/บาร์โค้ด สถานที่ สถานะ
1. วิทยาศาสตร์การแพทย์ และสุขภาพ
วิทยาศาสตร์การแพทย์ และสุขภาพ
W130 ก-ก ฉ.1 
  Barcode: 003413
ห้องสมุดวิทยาเขตสวรรค์ประชารักษ์
►หนังสือทั่วไป
บนชั้น
2. วิทยาศาสตร์การแพทย์ และสุขภาพ
วิทยาศาสตร์การแพทย์ และสุขภาพ
W130 ก-ก ฉ.2 
  Barcode: 003414
ห้องสมุดวิทยาเขตสวรรค์ประชารักษ์
►หนังสือทั่วไป
บนชั้น
3. วิทยาศาสตร์การแพทย์ และสุขภาพ
วิทยาศาสตร์การแพทย์ และสุขภาพ
W130 ก-ก ฉ.3 
  Barcode: 003415
ห้องสมุดวิทยาเขตสวรรค์ประชารักษ์
►หนังสือทั่วไป
บนชั้น

BibComment


ยังไม่เคยถูกคอมเมนท์

คอมเมนท์ทรัพยากรรายการนี้
  คอมเมนท์: การขับเคลื่อนแผน..


 Copyright 2026. Bcnsprnw @Library